| 000 | 00749nam a22002177a 4500 | ||
|---|---|---|---|
| 999 |
_c19330 _d19330 |
||
| 003 | AR-CdUCM | ||
| 008 | 190517b ||||| |||| 00| 0 spa d | ||
| 040 |
_aMUNICIPALIDAD PROVINCIAL DEL CUSCO _cBIBLIOTECA MUNICIPAL DEL CUSCO |
||
| 082 |
_a978 / _bS21 |
||
| 100 |
_aSantovenia, Emeterio S. _935963 |
||
| 245 | _aArmonías y conflictos en torno a Cuba / | ||
| 260 |
_aMéxico, D.F : _bFondo de Cultura Económica, _c1956. |
||
| 300 |
_a318 páginas ; _c22 cm. |
||
| 440 |
_aTierra firme _n61 _940609 |
||
| 505 | _aContenido: Hombres y naciones / Alteraciones en América -- América y Europa... | ||
| 650 |
_aCuba _91821 |
||
| 650 |
_aRelaciones exteriores _94428 |
||
| 650 |
_aHistoria _9136 |
||
| 942 |
_2ddc _cLIBROS |
||
| 945 |
_adavv _d2019-05-17 |
||